| 000 | 00723nam a2200229 a 4500 | ||
|---|---|---|---|
| 001 | 000043122 | ||
| 005 | 20201002040644.0 | ||
| 008 | 140220s1991 ag 000 0 spa d | ||
| 020 | _a9507421181 | ||
| 040 |
_aDO-SdBNP _bspa _cBNPHU |
||
| 082 |
_a982.064 _bM829c |
||
| 100 | 1 |
_aMorandini, Norma _970664 |
|
| 245 | 1 | 0 |
_aCatamarca / _cNorma Morandini. |
| 260 |
_aBuenas Aires : _bPlaneta, _c1991. |
||
| 300 |
_a157 p. ; _c23 cm. |
||
| 490 | 1 | _aEspejo de la Argentina | |
| 490 | 1 | _aEspejo de la Argentina | |
| 600 | 1 | 4 |
_aMORALES, MARIA SOLEDAD _d1973?-1990 _xASESINATO _970665 |
| 651 | 4 |
_aCatamarca (Agentina{Rpara} _xHistoria _970666 |
|
| 830 | 0 |
_aEspejo de la Argentina _969662 |
|
| 910 | _aValidado. Control de calidad MFF | ||
| 999 |
_c42611 _d42611 |
||